[Event "Rated Blitz game"]
[Site "?"]
[Date "2021.07.17"]
[Round "?"]
[White "dmitro_smolin"]
[Black "beastchess1"]
[Result "0-1"]
[WhiteElo "2326"]
[BlackElo "2412"]
[PlyCount "116"]
[EventDate "2021.??.??"]
[EventType "blitz"]

1. e4 e5 2. Nf3 d5 3. Nxe5 Bd6 4. d4 dxe4 5. Nc4 Be7 6. Nc3 Nf6 7. Bg5 Bf5 8.
Ne3 Bg6 9. Bc4 Nc6 10. Bb5 O-O 11. Bxc6 bxc6 12. O-O Rb8 13. b3 Nd5 14. Bxe7
Nxe7 15. Ne2 Re8 16. c4 Qd6 17. Qd2 f5 18. g3 Rf8 19. Nf4 Bf7 20. h4 Qh6 21.
Qa5 g5 22. hxg5 Qxg5 23. Qxc7 Ng6 24. Neg2 Rbc8 25. Qxa7 h5 26. Nxg6 Bxg6 27.
Nf4 Bf7 28. Qc5 h4 29. Kg2 Bh5 30. Ne6 Bf3+ 31. Kh2 hxg3+ 32. fxg3 Qh5+ 33. Kg1
Qh1+ 34. Kf2 Qg2+ 35. Ke3 Qe2+ 36. Kf4 Qd2+ 37. Ke5 Rce8 38. Qxc6 Qg5 39. Kd6
Qxg3+ 40. Kc5 Rc8 41. Nxf8 Rxc6+ 42. Kxc6 Kxf8 43. Rg1 e3+ 44. Kc5 Bg2 45. d5
e2 46. a4 Qf2+ 47. Kb5 Qf3 48. a5 Bf1 49. a6 Qe3 50. a7 Qxg1 51. a8=Q+ Kg7 52.
Ra7+ Kg6 53. Qc6+ Kg5 54. Rg7+ Kf4 55. Rxg1 Ke3 56. Qc5+ Kd2 57. Qf2 Kd1 58.
Rxf1+ e1=Q {Time forfeit} 0-1

[Event "Rated Blitz game"]
[Site "?"]
[Date "2021.07.17"]
[Round "?"]
[White "kpdxb"]
[Black "BrilliantGambiteer"]
[Result "0-1"]
[WhiteElo "2381"]
[BlackElo "2402"]
[PlyCount "34"]
[EventDate "2021.??.??"]
[EventType "blitz"]

1. e4 e5 2. Nf3 d5 3. Nxe5 Bd6 4. d4 dxe4 5. Nc4 Nf6 6. Nxd6+ Qxd6 7. Be2 O-O
8. O-O Bf5 9. Be3 Nc6 10. c4 Rad8 11. d5 Ne5 12. h3 b6 13. Nc3 Qd7 14. Bf4 Ng6
15. Bh2 Bxh3 16. gxh3 Qxh3 17. Re1 Nh4 {Normal} 0-1

[Event "Rated Blitz tournament kYYngTaR"]
[Site "?"]
[Date "2021.07.17"]
[Round "?"]
[White "PrimumSemper"]
[Black "batasjon"]
[Result "1-0"]
[WhiteElo "2564"]
[BlackElo "2415"]
[PlyCount "51"]
[EventDate "2021.??.??"]
[EventType "blitz"]

1. e4 e5 2. Nf3 d5 3. Nxe5 Bd6 4. d4 dxe4 5. Nc3 Nf6 6. Bc4 O-O 7. O-O Nbd7 8.
Nxf7 Rxf7 9. Bxf7+ Kxf7 10. Bg5 Qe8 11. Re1 Kg6 12. Bh4 Nb6 13. Bxf6 gxf6 14.
Nxe4 Qf8 15. c4 Qh6 16. Nxd6 cxd6 17. c5 Nd5 18. cxd6 Qg5 19. Re8 Bh3 20. Qd3+
Bf5 21. Rxa8 Bxd3 22. Rg8+ Kf7 23. Rxg5 fxg5 24. Re1 Bf5 25. Re5 Be6 26. d7 {
Normal} 1-0

[Event "Rated Rapid game"]
[Site "?"]
[Date "2021.07.17"]
[Round "?"]
[White "silvicent"]
[Black "Azimi70"]
[Result "1-0"]
[WhiteElo "2419"]
[BlackElo "2260"]
[PlyCount "135"]
[EventDate "2021.??.??"]
[EventType "rapid"]

1. e4 e5 2. Nf3 d5 3. Nxe5 Bd6 4. d4 dxe4 5. Nc4 Be6 6. Nxd6+ cxd6 7. d5 Bf5 8.
Nc3 Nf6 9. Bg5 Nbd7 10. Bb5 O-O 11. O-O h6 12. Bh4 g5 13. Bg3 Bg4 14. Qd4 a6
15. Bxd7 Nxd7 16. Bxd6 Re8 17. Nxe4 Bf5 18. Rfe1 Rc8 19. c3 Bxe4 20. Rxe4 Rxe4
21. Qxe4 Qf6 22. Be7 Qb6 23. Ba3 Nf6 24. Qd3 Re8 25. h3 Nd7 26. Rd1 Qf6 27. d6
b5 28. b3 Ne5 29. Qg3 Qe6 30. Bc5 Nd7 31. Be3 f5 32. h4 f4 33. Bxf4 Qe2 34. Rf1
g4 35. Bxh6 Kh7 36. Bg5 Kg6 37. f3 gxf3 38. Be7+ Kh7 39. Rxf3 Ne5 40. Re3 Qd1+
41. Re1 Nf3+ 42. gxf3 Qd2 43. Re5 Rg8 44. Bg5 Qxc3 45. Re7+ Rg7 46. Rxg7+ Qxg7
47. Qg4 Qa1+ 48. Kg2 Qg7 49. d7 Qb2+ 50. Kh3 Qe2 51. d8=Q Qf1+ 52. Kg3 Qg1+ 53.
Kf4 Qc1+ 54. Kf5 Qc2+ 55. Qe4 Qc5+ 56. Qdd5 Qc8+ 57. Qee6 Qf8+ 58. Bf6 Kh6 59.
Qdd7 a5 60. Qg7+ Qxg7 61. Bxg7+ Kxg7 62. Qe7+ Kh6 63. Qf6+ Kh7 64. Kg5 a4 65.
Qg6+ Kh8 66. Qf7 axb3 67. Kg6 b2 68. Qh7# {Normal} 1-0

[Event "Rated Rapid tournament hxllPunx"]
[Site "?"]
[Date "2021.07.17"]
[Round "?"]
[White "SuperDodgy"]
[Black "Ahremchuk_A_A"]
[Result "0-1"]
[WhiteElo "2449"]
[BlackElo "2228"]
[PlyCount "112"]
[EventDate "2021.??.??"]
[EventType "rapid"]

1. e4 e5 2. Nf3 d5 3. exd5 e4 4. Nd4 Qxd5 5. Nb3 Qe5 6. Be2 Bd6 7. d4 exd3 8.
Qxd3 Bf5 9. Qb5+ Qxb5 10. Bxb5+ c6 11. Bd3 Bxd3 12. cxd3 Nd7 13. Nc3 O-O-O 14.
Be3 b6 15. Ne4 Bc7 16. Rc1 Kb7 17. O-O Ne5 18. d4 Ng4 19. h3 Nxe3 20. fxe3 f6
21. Nc3 Nh6 22. a4 Rhe8 23. Rf3 Nf7 24. a5 Ng5 25. Rff1 Rxe3 26. d5 cxd5 27.
Nd4 Be5 28. a6+ Kxa6 29. Nc6 Rc8 30. Nxd5 Re2 31. Nde7 Rc7 32. Ra1+ Kb5 33.
Nxa7+ Kb4 34. Nd5+ Kb3 35. Nxc7 Bxc7 36. Nb5 Be5 37. h4 Ne4 38. Rab1 Nd2 39.
Rfe1 Nxb1 40. Rxe2 Bxb2 41. Re7 Be5 42. Rxg7 Kb4 43. Na7 Kc4 44. Rxh7 b5 45.
Nc6 Bc3 46. Rb7 Nd2 47. h5 Ne4 48. h6 Ng5 49. h7 Nxh7 50. Rxh7 b4 51. Rb7 b3
52. Kf1 b2 53. Ke2 Kc5 54. Ne7 Bb4 55. Nc6 b1=Q 56. Nxb4 Qe4+ {Normal} 0-1

[Event "Rated Rapid tournament CXyjIKXJ"]
[Site "?"]
[Date "2021.07.17"]
[Round "?"]
[White "teddyhh"]
[Black "Ahremchuk_A_A"]
[Result "1-0"]
[WhiteElo "2424"]
[BlackElo "2203"]
[PlyCount "45"]
[EventDate "2021.??.??"]
[EventType "rapid"]

1. e4 e5 2. Nf3 d5 3. d4 dxe4 4. Nxe5 Bd6 5. Bc4 Bxe5 6. Qh5 Qe7 7. Qxe5 Qxe5
8. dxe5 Nc6 9. Bf4 Nge7 10. Nc3 Ng6 11. Bg3 Ngxe5 12. Bd5 f5 13. O-O-O Bd7 14.
f3 exf3 15. Rhe1 O-O-O 16. Bxe5 Nxe5 17. Rxe5 fxg2 18. Bxg2 g6 19. h4 c6 20.
Re7 h6 21. Rg7 Rhg8 22. Rdxd7 Rxg7 23. Rxg7 {Normal} 1-0

[Event "Rated Blitz tournament 323recdF"]
[Site "?"]
[Date "2021.07.16"]
[Round "?"]
[White "Saparmyrat"]
[Black "Secret2700"]
[Result "0-1"]
[WhiteElo "2668"]
[BlackElo "2523"]
[PlyCount "58"]
[EventDate "2021.??.??"]
[EventType "blitz"]

1. e4 e5 2. Nf3 d5 3. Nxe5 Bd6 4. d4 dxe4 5. Nc4 Nf6 6. Nc3 O-O 7. Bg5 Nc6 8.
Be2 Re8 9. Qd2 h6 10. Bh4 Bf5 11. O-O-O Be7 12. Kb1 Nd5 13. Nxd5 Bxh4 14. Nde3
Bc8 15. d5 Ne5 16. Nxe5 Rxe5 17. d6 Be6 18. d7 Be7 19. Bc4 Bd6 20. Bxe6 Rxe6
21. Nf5 Qxd7 22. Qd4 f6 23. Rhe1 Rae8 24. Qd5 Kh8 25. Qxb7 Qa4 26. Qb3 Qa6 27.
h4 Bc5 28. Qg3 Bf8 29. Rd7 Qa5 {Normal} 0-1

[Event "Rated Blitz game"]
[Site "?"]
[Date "2021.07.16"]
[Round "?"]
[White "Starazagora"]
[Black "Chisopa1"]
[Result "0-1"]
[WhiteElo "2479"]
[BlackElo "2341"]
[PlyCount "52"]
[EventDate "2021.??.??"]
[EventType "blitz"]

1. e4 e5 2. Nf3 d5 3. d4 dxe4 4. Nxe5 Bd6 5. Be3 Nf6 6. Bc4 O-O 7. O-O c6 8.
Bg5 Nbd7 9. Ng4 h6 10. Bh4 Be7 11. Ne3 Nb6 12. Be2 Nfd5 13. Bxe7 Qxe7 14. c4
Nf4 15. Nc3 Re8 16. b3 Qg5 17. Qc2 Nxg2 18. Nxg2 Bh3 19. Bg4 Qxg4 20. f4 exf3
21. Rf2 Bxg2 22. Qd2 Rad8 23. Rd1 Rxd4 24. Qxd4 Qxd4 25. Rxd4 Re1+ 26. Rf1
Rxf1# {Normal} 0-1

[Event "Rated Blitz game"]
[Site "?"]
[Date "2021.07.16"]
[Round "?"]
[White "joseag1303"]
[Black "GoughPhar"]
[Result "0-1"]
[WhiteElo "2485"]
[BlackElo "2434"]
[PlyCount "46"]
[EventDate "2021.??.??"]
[EventType "blitz"]

1. e4 e5 2. Nf3 d5 3. exd5 e4 4. Qe2 Nf6 5. Nc3 Be7 6. Nxe4 O-O 7. d3 Re8 8. c4
c6 9. dxc6 Nxc6 10. Be3 Bb4+ 11. Bd2 Bg4 12. Bxb4 Nxb4 13. O-O-O Nxa2+ 14. Kb1
Nb4 15. h3 Qa5 16. hxg4 Nxe4 17. dxe4 Qa2+ 18. Kc1 Rad8 19. Rd5 Rxd5 20. cxd5
Qa1+ 21. Kd2 Qxb2+ 22. Ke3 Nxd5+ 23. Kd3 Qc3# {Normal} 0-1

[Event "Rated Blitz game"]
[Site "?"]
[Date "2021.07.16"]
[Round "?"]
[White "Benbasat"]
[Black "blastol"]
[Result "1-0"]
[WhiteElo "2382"]
[BlackElo "2416"]
[PlyCount "31"]
[EventDate "2021.??.??"]
[EventType "blitz"]

1. e4 e5 2. Nf3 d5 3. exd5 Bd6 4. Nc3 Nf6 5. d3 h6 6. Be3 c6 7. dxc6 Nxc6 8.
Qd2 O-O 9. Be2 Be6 10. O-O Nd5 11. Nxd5 Bxd5 12. Rad1 f5 13. d4 f4 14. dxe5
fxe3 15. Qxd5+ Kh8 16. exd6 {Normal} 1-0

[Event "Rated Blitz tournament 323recdF"]
[Site "?"]
[Date "2021.07.16"]
[Round "?"]
[White "agro_killer"]
[Black "Secret2700"]
[Result "1-0"]
[WhiteElo "2449"]
[BlackElo "2530"]
[PlyCount "33"]
[EventDate "2021.??.??"]
[EventType "blitz"]

1. e4 e5 2. Nf3 d5 3. Nxe5 Bd6 4. d4 dxe4 5. Nc4 Nf6 6. Nc3 O-O 7. Bg5 Nc6 8.
Qd2 Bf5 9. O-O-O h6 10. Bh4 a6 11. Ne3 Bh7 12. g4 Bf4 13. Bg3 Bxe3 14. fxe3
Nxg4 15. Be2 Nf6 16. Rhg1 Kh8 17. Rdf1 {Normal} 1-0

[Event "Rated Blitz tournament 323recdF"]
[Site "?"]
[Date "2021.07.16"]
[Round "?"]
[White "Batko2003"]
[Black "dr_xStranger"]
[Result "1-0"]
[WhiteElo "2635"]
[BlackElo "2540"]
[PlyCount "131"]
[EventDate "2021.??.??"]
[EventType "blitz"]

1. e4 e5 2. Nf3 d5 3. exd5 e4 4. Qe2 Nf6 5. Nc3 Be7 6. Nxe4 O-O 7. Nxf6+ Bxf6
8. Qd1 Qxd5 9. Be2 Nc6 10. O-O Re8 11. c3 Bg4 12. d4 Rad8 13. Be3 h5 14. h3 Bf5
15. Qb3 Qd7 16. Rad1 Bxh3 17. gxh3 Qxh3 18. c4 Re4 19. Ng5 Bxg5 20. Bxg5 Qxb3
21. axb3 f6 22. Bf3 Rexd4 23. Bd5+ Kh8 24. Be3 Rg4+ 25. Kh2 Ne5 26. Be6 Nf3+
27. Kh1 Rh4+ 28. Kg2 Rxd1 29. Rxd1 Ne5 30. Bf5 g6 31. Rd8+ Kg7 32. Bc8 b5 33.
f4 Ng4 34. Bxg4 Rxg4+ 35. Kf3 bxc4 36. bxc4 f5 37. Rd7+ Kf8 38. Rxc7 h4 39. Rh7
Ke8 40. c5 Kd8 41. c6 Kc8 42. Bxa7 Rg3+ 43. Kf2 Rb3 44. Bd4 h3 45. Be5 Rd3 46.
c7 Kb7 47. Rh8 Rd2+ 48. Ke3 Rc2 49. Rb8+ Ka7 50. c8=Q Rxc8 51. Rxc8 h2 52. Rh8
h1=Q 53. Rxh1 Kb6 54. Rg1 Kc6 55. Rxg6+ Kd5 56. Rf6 Kc4 57. Rxf5 Kc5 58. Rg5
Kc4 59. f5 Kb3 60. f6 Ka2 61. f7 Kb1 62. f8=Q Ka1 63. Qb4 Ka2 64. b3 Kb1 65.
Qc3 Ka2 66. Qb2# {Normal} 1-0

[Event "Rated Blitz tournament 323recdF"]
[Site "?"]
[Date "2021.07.16"]
[Round "?"]
[White "Thanhphongql"]
[Black "Secret2700"]
[Result "0-1"]
[WhiteElo "2241"]
[BlackElo "2531"]
[PlyCount "112"]
[EventDate "2021.??.??"]
[EventType "blitz"]

1. e4 e5 2. Nf3 d5 3. exd5 e4 4. Nd4 Nf6 5. d3 Qxd5 6. dxe4 Qxe4+ 7. Be3 Bc5 8.
Nc3 Qh4 9. Be2 O-O 10. O-O Rd8 11. Nf3 Rxd1 12. Nxh4 Rxf1+ 13. Rxf1 Bxe3 14.
fxe3 Nc6 15. Bb5 Bd7 16. Nf5 Kf8 17. e4 a6 18. Ba4 b5 19. Bb3 Ne5 20. Ng3 Rd8
21. Nd5 Nxd5 22. exd5 a5 23. a3 c5 24. dxc6 Bxc6 25. Rf5 f6 26. Rf1 a4 27. Ba2
Rd2 28. Rf2 Rd1+ 29. Rf1 Rd7 30. Be6 Rd6 31. Ba2 Ng4 32. h3 Ne3 33. Rf2 Rd1+
34. Kh2 Nxg2 35. Rxg2 Bxg2 36. Kxg2 Rd2+ 37. Kf3 Rxc2 38. Bd5 Rxb2 39. Bc6 b4
40. axb4 a3 41. Bd5 a2 42. Bxa2 Rxa2 43. Ne4 Rb2 44. Nc5 Rxb4 45. Ne6+ Kf7 46.
Nd8+ Kg8 47. Nc6 Rb3+ 48. Kg4 g6 49. h4 h5+ 50. Kf4 Kg7 51. Nd8 Rb6 52. Ke4 Kf8
53. Kd5 Ke7 54. Nc6+ Rxc6 55. Kxc6 g5 56. hxg5 fxg5 {Normal} 0-1

[Event "Rated Blitz game"]
[Site "?"]
[Date "2021.07.16"]
[Round "?"]
[White "danieljaber"]
[Black "magos33"]
[Result "0-1"]
[WhiteElo "2422"]
[BlackElo "2438"]
[PlyCount "80"]
[EventDate "2021.??.??"]
[EventType "blitz"]

1. e4 e5 2. Nf3 d5 3. Nxe5 Bd6 4. d4 dxe4 5. Nc4 Nf6 6. Nxd6+ Qxd6 7. Be2 O-O
8. O-O Bf5 9. Be3 Nc6 10. Na3 Rad8 11. c3 a6 12. Nc4 Qe7 13. a4 h6 14. Re1 Nd5
15. Bc1 Qh4 16. g3 Qf6 17. Ne3 Nxe3 18. Bxe3 Bh3 19. f3 Rfe8 20. fxe4 Rxe4 21.
Bf3 Re6 22. Bh1 Qe7 23. Bf2 Rxe1+ 24. Qxe1 Qd6 25. Qe3 Na5 26. Re1 Nc4 27. Qe2
b5 28. axb5 axb5 29. b3 Na3 30. c4 bxc4 31. bxc4 Qb4 32. c5 Bd7 33. d5 Re8 34.
Qxe8+ Bxe8 35. Rxe8+ Kh7 36. Be4+ g6 37. Re7 Kg7 38. Rxc7 Qxe4 39. d6 Nc2 40.
d7 Qd3 {Time forfeit} 0-1

[Event "Rated Blitz game"]
[Site "?"]
[Date "2021.07.16"]
[Round "?"]
[White "Shahnazcity"]
[Black "KamranShirazi"]
[Result "0-1"]
[WhiteElo "2500"]
[BlackElo "2550"]
[PlyCount "38"]
[EventDate "2021.??.??"]
[EventType "blitz"]

1. e4 e5 2. Nf3 d5 3. exd5 e4 4. Qe2 Nf6 5. d3 Bb4+ 6. Bd2 O-O 7. Bxb4 exf3 8.
Qxf3 Re8+ 9. Be2 Nxd5 10. Bd2 Qe7 11. Nc3 Nb4 12. O-O-O N8c6 13. a3 Nd4 14. Qe3
Qd8 15. axb4 Nxe2+ 16. Nxe2 Rxe3 17. Bxe3 Bg4 18. f3 Qe7 19. Kd2 Re8 {Normal}
0-1

[Event "Rated Blitz game"]
[Site "?"]
[Date "2021.07.16"]
[Round "?"]
[White "axper89"]
[Black "magos33"]
[Result "0-1"]
[WhiteElo "2407"]
[BlackElo "2434"]
[PlyCount "114"]
[EventDate "2021.??.??"]
[EventType "blitz"]

1. e4 e5 2. Nf3 d5 3. d4 dxe4 4. Nxe5 Bd6 5. f4 exf3 6. Nxf3 Nf6 7. Be2 O-O 8.
O-O c5 9. c3 Nc6 10. Bg5 cxd4 11. cxd4 Be7 12. Nc3 h6 13. Bh4 Nb4 14. a3 Nbd5
15. Bc4 Be6 16. Qe2 Rc8 17. Ne5 Nxc3 18. bxc3 Bxc4 19. Nxc4 Nd5 20. Bxe7 Qxe7
21. Qxe7 Nxe7 22. Nd6 Rxc3 23. Nxb7 Rb8 24. Nc5 Rd8 25. Rf3 Rxf3 26. gxf3 Rxd4
27. Re1 Ng6 28. Re8+ Kh7 29. Ra8 Rd5 30. Rc8 Ne5 31. Kg2 g5 32. Rc7 Kg6 33. a4
a5 34. Nb3 Nd3 35. Ra7 Nf4+ 36. Kf1 Rd3 37. Nxa5 Rxf3+ 38. Ke1 Rh3 39. Nc4 Rxh2
40. a5 Nd3+ 41. Kf1 Ra2 42. a6 g4 43. Rd7 Nc5 44. Rd6+ f6 45. Ne5+ Kf5 46. Nxg4
Kxg4 47. Rxf6 Ra5 48. Rxh6 Ne4 49. Rg6+ Kf3 50. Kg1 Ra1+ 51. Kh2 Nf2 52. Rf6+
Ke3 53. Kg2 Ne4 54. Re6 Ra2+ 55. Kh3 Kf4 56. Re8 Ng5+ 57. Kh4 Rh2# {Normal} 0-1

[Event "Rated Blitz tournament 323recdF"]
[Site "?"]
[Date "2021.07.16"]
[Round "?"]
[White "Zhigalko_Sergei"]
[Black "dr_xStranger"]
[Result "1-0"]
[WhiteElo "2847"]
[BlackElo "2538"]
[PlyCount "173"]
[EventDate "2021.??.??"]
[EventType "blitz"]

1. e4 e5 2. Nf3 d5 3. exd5 e4 4. Qe2 Nf6 5. Nc3 Be7 6. Nxe4 O-O 7. Nxf6+ Bxf6
8. d4 Qxd5 9. Be3 Bf5 10. c3 Nc6 11. Qb5 Qd7 12. d5 Ne5 13. Nxe5 Bxe5 14. Qxd7
Bxd7 15. O-O-O Rfe8 16. Bd3 Bd6 17. h3 a5 18. Rhe1 a4 19. Bd4 f6 20. h4 a3 21.
b4 b5 22. g3 h6 23. Kd2 Kf7 24. Rxe8 Rxe8 25. Re1 Rxe1 26. Kxe1 f5 27. h5 c6
28. dxc6 Bxc6 29. Kd2 f4 30. gxf4 Bxf4+ 31. Be3 Be5 32. c4 bxc4 33. Bxc4+ Kf6
34. b5 Bb7 35. Bc5 g6 36. hxg6 Kxg6 37. Bxa3 h5 38. Be7 Bd4 39. Ke2 Kf5 40. a4
Bb6 41. Bd3+ Kg4 42. Bc4 Bf3+ 43. Kf1 h4 44. Be2 h3 45. Bd6 Ba5 46. Bh2 Bb6 47.
Bd6 Ba5 48. Bh2 Bb6 49. Bb8 Ba5 50. Bc4 Bd1 51. Be6+ Kg5 52. Bxh3 Bxa4 53. Bd7
Kf6 54. Ke2 Ke7 55. Bc6 Bb6 56. f3 Kd8 57. Be5 Kc8 58. Kd3 Bb3 59. f4 Be6 60.
Ke4 Kd8 61. f5 Bb3 62. f6 Bf7 63. Bd5 Bg6+ 64. Kf4 Ke8 65. Bd6 Bf7 66. Bxf7+
Kxf7 67. Kf5 Bd8 68. Be5 Bb6 69. Bc3 Bd8 70. Bd4 Bc7 71. b6 Bb8 72. Be5 Bc7 73.
Bxc7 Ke8 74. b7 Kd7 75. Ke5 Kc6 76. f7 Kc5 77. f8=Q+ Kc6 78. Qf7 Kb5 79. Qe6
Kb4 80. Qd6+ Kb3 81. Qc6 Kb2 82. Bb6 Kb3 83. b8=Q Kb2 84. Qcc7 Ka1 85. Qcb7 Ka2
86. Bc5 Ka1 87. Q7a7# {Normal} 1-0

[Event "Rated Blitz tournament hFIWs2WD"]
[Site "?"]
[Date "2021.07.16"]
[Round "?"]
[White "NOELDelaCruz"]
[Black "kalomBayan"]
[Result "1-0"]
[WhiteElo "2448"]
[BlackElo "2250"]
[PlyCount "133"]
[EventDate "2021.??.??"]
[EventType "blitz"]

1. e4 e5 2. Nf3 d5 3. Nxe5 Qe7 4. d4 f6 5. Nd3 dxe4 6. Nf4 Bf5 7. Nc3 Nc6 8. g4
Bg6 9. Nxg6 hxg6 10. Bg2 O-O-O 11. Be3 f5 12. d5 Nb4 13. a3 Nxd5 14. Nxd5 Qe5
15. c4 c6 16. Qa4 cxd5 17. Qxa7 d4 18. Bg5 Nf6 19. h4 Qc5 20. Qxc5+ Bxc5 21.
gxf5 gxf5 22. Bh3 e3 23. Bxf5+ Kb8 24. b4 Ba7 25. c5 exf2+ 26. Kxf2 Rdf8 27.
Kg2 Nh5 28. Rhf1 Ka8 29. Bg4 Nf6 30. Bf3 Bb8 31. Rad1 Be5 32. Rfe1 Re8 33. c6
Ka7 34. cxb7 Nh5 35. Bxh5 Rxh5 36. Bf4 Rf5 37. Bxe5 Rfxe5 38. Rxe5 Rxe5 39.
Rxd4 Re2+ 40. Kf3 Rh2 41. a4 Rh3+ 42. Kg4 Ra3 43. a5 Kxb7 44. Kg5 Rg3+ 45. Rg4
Rf3 46. Kg6 Kc6 47. Kxg7 Rh3 48. Kg6 Kd5 49. h5 Ke5 50. h6 Rh2 51. h7 Kd5 52.
Rg5+ Ke6 53. Rh5 Rg2+ 54. Kh6 Rd2 55. h8=Q Rd6 56. Qe8+ Kf6 57. Qg6+ Ke7 58.
Re5+ Kd7 59. Qxd6+ Kxd6 60. Rc5 Kd7 61. a6 Kd6 62. a7 Kd7 63. a8=Q Ke7 64. Qa7+
Kd6 65. Qb6+ Kd7 66. Rc7+ Kd8 67. Qb8# {Normal} 1-0

[Event "Rated Blitz game"]
[Site "?"]
[Date "2021.07.16"]
[Round "?"]
[White "AyUsHaDoLsOnOv"]
[Black "Fantastic_power06"]
[Result "0-1"]
[WhiteElo "2582"]
[BlackElo "2722"]
[PlyCount "88"]
[EventDate "2021.??.??"]
[EventType "blitz"]

1. e4 e5 2. Nf3 d5 3. Nxe5 Bd6 4. d4 dxe4 5. Nc4 Nc6 6. Nxd6+ Qxd6 7. c3 Bf5 8.
Na3 Nf6 9. Nc4 Qe6 10. Ne3 O-O-O 11. Bc4 Qd7 12. Nxf5 Qxf5 13. Be3 Ne5 14. Be2
Qg6 15. Qa4 Qxg2 16. O-O-O Nd3+ 17. Bxd3 exd3 18. Qxa7 Qc6 19. Rhg1 Nd5 20.
Rxd3 g6 21. Qa3 Rhe8 22. Re1 Nb6 23. Rdd1 Nc4 24. Qb3 b6 25. Qc2 Kb7 26. b3 Nd6
27. d5 Qd7 28. Kb2 Ra8 29. a4 f5 30. f3 Qf7 31. c4 f4 32. Bd4 Nf5 33. Bc3 Ne3
34. Qd2 Nxd1+ 35. Rxd1 Qe7 36. d6 Qxd6 37. Qc2 Qc6 38. Rd5 Re3 39. Be5 Re8 40.
Bc3 Re2 41. Bd2 Qf6+ 42. Ka3 Qa1+ 43. Kb4 R8e6 44. Rd7 Rxd2 {Time forfeit} 0-1

[Event "Rated Blitz tournament 323recdF"]
[Site "?"]
[Date "2021.07.16"]
[Round "?"]
[White "ljuks"]
[Black "Minty0209"]
[Result "1-0"]
[WhiteElo "2515"]
[BlackElo "2238"]
[PlyCount "71"]
[EventDate "2021.??.??"]
[EventType "blitz"]

1. e4 e5 2. Nf3 d5 3. exd5 e4 4. Qe2 Qe7 5. Nd4 Qe5 6. Nb5 a6 7. d4 Qe7 8. N5c3
f5 9. f3 Nf6 10. Bg5 c6 11. fxe4 fxe4 12. Bxf6 gxf6 13. Qxe4 cxd5 14. Qxe7+
Bxe7 15. Nxd5 Nc6 16. Nc7+ Kf7 17. Nxa8 Nxd4 18. Bd3 Bf5 19. Bxf5 Nxf5 20. Nb6
Ne3 21. Na3 Bxa3 22. bxa3 Nxc2+ 23. Kf2 Nxa1 24. Rxa1 Rd8 25. Re1 Rd6 26. Nc4
Rd4 27. Rc1 b5 28. Ne3 Rd2+ 29. Kf3 Rxa2 30. Rc7+ Kg6 31. Rc3 a5 32. h4 h5 33.
Rd3 a4 34. Nd5 Rb2 35. Ke4 Rxg2 36. Nf4+ {Normal} 1-0

[Event "Rated Blitz game"]
[Site "?"]
[Date "2021.07.16"]
[Round "?"]
[White "Anacreonte"]
[Black "FourNinetySix"]
[Result "1/2-1/2"]
[WhiteElo "2331"]
[BlackElo "2496"]
[PlyCount "173"]
[EventDate "2021.??.??"]
[EventType "blitz"]

1. e4 e5 2. Nf3 d5 3. d4 dxe4 4. Nxe5 Bd6 5. Nc4 Nf6 6. Bg5 Nc6 7. Nc3 Be7 8.
d5 Nxd5 9. Qxd5 Bxg5 10. Qxe4+ Be6 11. Rd1 Qe7 12. Be2 O-O 13. O-O Rfd8 14. Bd3
g6 15. Rfe1 Rd4 16. Qe2 Rad8 17. Nd2 Bg4 18. Qxe7 Bxe7 19. Rb1 Bf8 20. Nb3 R4d7
21. Ne4 Kg7 22. Nec5 Rd5 23. Nxb7 Rb8 24. Be4 Be6 25. Bxd5 Bxd5 26. N7a5 Nxa5
27. Nxa5 Bxa2 28. Ra1 Rxb2 29. Nc6 a6 30. c3 Bc4 31. Nd4 c5 32. Nf3 Bb5 33.
Rec1 Be7 34. c4 Bc6 35. Rxa6 Bxf3 36. gxf3 Bf6 37. Rc6 Bd4 38. Rf1 Rc2 39. Kg2
Rxc4 40. Kg3 Rc2 41. f4 h5 42. h4 Rc3+ 43. f3 Rc2 44. Rd1 Re2 45. Rc7 Bf2+ 46.
Kh3 Bd4 47. Rb1 Re3 48. Rbb7 Rxf3+ 49. Kg2 Rxf4 50. Kg3 Rf5 51. Rd7 Be3 52. Kg2
c4 53. Rbc7 Rf4 54. Re7 Bd2 55. Kg3 c3 56. Kh3 Rf5 57. Kg2 Kg8 58. Re8+ Kg7 59.
Ree7 Rf4 60. Kh3 Rf6 61. Red7 Be1 62. Kg2 Rf2+ 63. Kh3 c2 64. Rc6 Bb4 65. Rdc7
Rf3+ 66. Kg2 Rf4 67. Rxc2 Rxh4 68. Rf2 Rg4+ 69. Kh3 Be1 70. Rfxf7+ Kh6 71. Rh7+
Kg5 72. Rc5+ Kf6 73. Rc6+ Ke5 74. Re7+ Kd5 75. Rc1 Bh4 76. Rd1+ Kc6 77. Re6+
Kc5 78. Re5+ Kc6 79. Re2 Rc4 80. Rg1 g5 81. Re6+ Kd5 82. Rh6 Rc3+ 83. Kh2 Rc2+
84. Rg2 Rc1 85. Rxh5 Ke4 86. Rhxg5 Bxg5 87. Rxg5 {Normal} 1/2-1/2

[Event "Rated Blitz game"]
[Site "?"]
[Date "2021.07.16"]
[Round "?"]
[White "IARolando_Yutuc"]
[Black "Almalik25"]
[Result "1-0"]
[WhiteElo "2410"]
[BlackElo "2337"]
[PlyCount "91"]
[EventDate "2021.??.??"]
[EventType "blitz"]

1. e4 e5 2. Nf3 d5 3. Nc3 Nf6 4. exd5 e4 5. Ng5 Bf5 6. Qe2 Bd6 7. Ngxe4 Nxe4 8.
Nxe4 O-O 9. d3 Re8 10. Be3 Bxe4 11. dxe4 Rxe4 12. O-O-O Nd7 13. Qb5 a6 14. Qb3
Qf6 15. Bd3 Rb4 16. Qc3 Qh4 17. g3 Qe7 18. a3 Ra4 19. Rhe1 b5 20. Bd4 Qf8 21.
Bf5 Nb6 22. Bxb6 cxb6 23. Re4 b4 24. Qb3 b5 25. Bd7 g6 26. Bc6 Rb8 27. Rde1 Kg7
28. Re8 bxa3 29. Rxf8 axb2+ 30. Kxb2 Rxf8 31. Qc3+ Kg8 32. Qf6 Ba3+ 33. Kb3 Bb4
34. Re8 Bc5 35. Rxf8+ Kxf8 36. Qd8+ Kg7 37. d6 Rb4+ 38. Kc3 Rc4+ 39. Kd3 Rd4+
40. Ke2 Rxd6 41. Qc7 Re6+ 42. Kf1 Rf6 43. f4 Re6 44. Bd5 a5 45. Bxe6 Kf6 46.
Qxf7# {Normal} 1-0

[Event "Rated Blitz game"]
[Site "?"]
[Date "2021.07.16"]
[Round "?"]
[White "taoneto"]
[Black "batasjon"]
[Result "0-1"]
[WhiteElo "2485"]
[BlackElo "2421"]
[PlyCount "118"]
[EventDate "2021.??.??"]
[EventType "blitz"]

1. e4 e5 2. Nf3 d5 3. exd5 e4 4. Qe2 Nf6 5. Nc3 Be7 6. Nxe4 O-O 7. d3 Re8 8.
Bd2 Nxd5 9. O-O-O f5 10. Kb1 c6 11. Bc1 Nd7 12. Nc3 Nxc3+ 13. bxc3 Bf6 14. Qd2
Qa5 15. Bb2 Nc5 16. Nd4 Na4 17. Nb3 Qb6 18. Ba1 Be6 19. c4 Bxa1 20. Kxa1 a5 21.
Rb1 Qa7 22. g3 Reb8 23. Bg2 b5 24. cxb5 cxb5 25. Bxa8 Rxa8 26. Rhe1 Bf7 27. Re5
b4 28. Rxa5 Qb7 29. Rxa8+ Qxa8 30. Qxb4 h6 31. Rb2 Kh7 32. Nc5 Qh1+ 33. Rb1 Qd5
34. Qxa4 Qxc5 35. c4 Qxf2 36. Qb3 Qd4+ 37. Rb2 Qg1+ 38. Rb1 Qd4+ 39. Rb2 f4 40.
gxf4 Bg6 41. Qd1 Qxf4 42. Rd2 Qd4+ 43. Kb1 Qxc4 44. Qb3 Qd4 45. Kc2 Qc5+ 46.
Qc3 Qf5 47. a3 Qe6 48. Kb2 Bf7 49. d4 Qa2+ 50. Kc1 Qd5 51. Kd1 Bh5+ 52. Kc1 Bf7
53. Qc2+ Bg6 54. Kd1 Qh1+ 55. Ke2 Bxc2 56. Rxc2 Qxh2+ 57. Kd1 Qh5+ 58. Kd2 Qa5+
59. Ke3 Qxa3+ {Time forfeit} 0-1

[Event "Rated Blitz tournament PbSANFRB"]
[Site "?"]
[Date "2021.07.16"]
[Round "?"]
[White "Gonzaga22"]
[Black "Killerrhino"]
[Result "1-0"]
[WhiteElo "2446"]
[BlackElo "2389"]
[PlyCount "141"]
[EventDate "2021.??.??"]
[EventType "blitz"]

1. e4 e5 2. Nf3 d5 3. d3 dxe4 4. dxe4 Qxd1+ 5. Kxd1 Nf6 6. Bd3 Ng4 7. Ke2 Bc5
8. Rf1 Nc6 9. h3 Nf6 10. Bg5 Be6 11. Nc3 O-O-O 12. Bxf6 gxf6 13. Rad1 h5 14.
Bb5 Nd4+ 15. Nxd4 exd4 16. Na4 Be7 17. b3 Rhg8 18. Rg1 c6 19. Bd3 Rg7 20. Nb2
Rdg8 21. Bc4 c5 22. Bxe6+ fxe6 23. g3 h4 24. g4 f5 25. f3 Kc7 26. a4 a6 27. Nd3
Bd6 28. Rgf1 Rf8 29. Rg1 Rgf7 30. gxf5 exf5 31. e5 Be7 32. f4 Kc6 33. Rg6+ Kc7
34. Rdg1 b6 35. Rg7 Kd7 36. Rxf7 Rxf7 37. Rg6 Kc7 38. Kf3 Kb7 39. Nb2 b5 40.
axb5 axb5 41. Nd3 c4 42. Ne1 d3 43. cxd3 cxb3 44. Rg2 Ba3 45. Nc2 bxc2 46. Rxc2
b4 47. d4 Rc7 48. Ra2 Rc3+ 49. Ke2 Rxh3 50. Ra1 Rc3 51. d5 b3 52. Rxa3 b2 53.
Rxc3 b1=Q 54. d6 Qe4+ 55. Re3 Qxf4 56. d7 Kc7 57. e6 Qc4+ 58. Kf3 Qg4+ 59. Kf2
Qf4+ 60. Ke2 Qg4+ 61. Kd3 Qd1+ 62. Kc4 Qc1+ 63. Kd3 Qd1+ 64. Kc3 Qc1+ 65. Kd4
Qd1+ 66. Ke5 Qd6+ 67. Kxf5 Qd5+ 68. Re5 Qf3+ 69. Kg6 Qg3+ 70. Rg5 Qf4 71. e7 {
Time forfeit} 1-0